| 000 | 00891cam a22002657i 4500 | ||
|---|---|---|---|
| 001 | 200440729 | ||
| 003 | TR-AnTOB | ||
| 005 | 20240710105708.0 | ||
| 007 | ta | ||
| 008 | 210505s1971 tu 000 0 tur d | ||
| 040 |
_aTR-AnTOB _beng _erda _cTR-AnTOB |
||
| 041 | 0 | _atur | |
| 050 | 1 | 4 |
_aK4028 _b.T57 1971 |
| 090 |
_aTOBBK K4028 _b.T57 1971 |
||
| 099 | _a388 TIR 1971 | ||
| 245 | 0 | 0 |
_aTır sözleşmesi : _btır karnesi himayesinde uluslararası eşya nakliyatına dair gümrük sözleşmesi'nin gümrüklerde tatbikatı esas ve usulleri. |
| 264 | 1 |
_aAnkara : _bGümrük ve Tekel Bakanlığı, _c1971. |
|
| 300 |
_a142 pages ; _c27 cm |
||
| 336 |
_atext _btxt _2rdacontent |
||
| 337 |
_aunmediated _bn _2rdamedia |
||
| 338 |
_avolume _bnc _2rdacarrier |
||
| 650 | 0 |
_aUlaştırma, Otomobil _xHukuk ve mevzuat _zTürkiye _965634 |
|
| 942 |
_2z _cBK |
||
| 999 |
_c200440729 _d58941 |
||
| 999 | _aBS 05.05.2021 ET 07.06.2022 | ||